| 000 | 01803nam a2200241Ia 4500 | ||
|---|---|---|---|
| 008 | 260220t2008||||xx |||||||||||||| ||spa|| | ||
| 040 |
_aPY-SlUNAC _bspa _erda |
||
| 041 | _aspa | ||
| 082 |
_a155.81 _bL998c |
||
| 100 |
_aLyubomirsky, Sonja _eAutor |
||
| 245 | 0 |
_aLa ciencia de la felicidad : _bun método probado para conseguir el bienestar / _cpor Sonja Lyubomirsky [Autor] |
|
| 264 |
_aBuenos Aires : _bUrano, _c℗2008. |
||
| 300 | _a1 volumen | ||
| 520 | _aEn "La ciencia de la felicidad", Sonja Lyubomirsky presenta un enfoque basado en la investigación científica para comprender y alcanzar el bienestar personal. A lo largo del libro, la autora argumenta que la felicidad no es simplemente una consecuencia de la fortuna o las circunstancias externas, sino un estado que se puede cultivar a través de prácticas intencionadas y hábitos positivos. Lyubomirsky desglosa diversos estudios psicológicos que identifican factores clave que contribuyen a la felicidad, como la gratitud, las relaciones interpersonales y el optimismo. Además, ofrece estrategias prácticas y métodos probados que los lectores pueden implementar en su vida diaria, enfatizando la importancia de la auto-reflexión y la adaptación personal para maximizar el bienestar. A través de un enfoque accesible y motivador, el libro invita a los lectores a ser agentes activos en su propio proceso de felicidad, promoviendo un cambio positivo y duradero en sus vidas. Con un estilo claro y fundamentado, Lyubomirsky logra conectar la ciencia con la práctica cotidiana. | ||
| 653 | _aBienestar | ||
| 653 | _aFelicidad | ||
| 653 | _aPsicología | ||
| 942 |
_b2026/02/17 _cBK |
||
| 999 |
_c6794 _d6794 |
||